000 00793nam a2200289 a 4500
001 000113890
003 CHAP
005 20220329144417.0
008 171004s2013 sp a |r| ||||||spa d
010 _a110351
011 _a111323
020 _a9788484766551
040 _cCHAP
082 0 4 _a581.15
_bC8 2013
100 1 _aCubero, José Ignacio
_929984
245 1 0 _aIntroducción a la mejora genética vegetal /
_cpor José Ignacio Cubero.
250 _a3 ed.
260 _aMadrid :
_bMundi-Prensa,
_c2013.
300 _axxxi, 569 p. :
_bil.
590 _aE5765TAJ
_b05
_c20171004
_lUCH01
_h1224
650 1 4 _aGenética vegetal
_xInvestigación.
_947504
650 1 4 _aGenomas.
_947508
650 1 4 _aPlantas
_xMejoramiento.
_988849
901 _aBK
942 _cLIBRO
942 _n0
999 _c110351
_d110351